Struggle to be human : (Record no. 39853)
[ view plain ]
| 000 -LEADER | |
|---|---|
| fixed length control field | 01210nam a2200265 i 4500 |
| 001 - CONTROL NUMBER | |
| control field | 4103337 |
| 005 - DATE AND TIME OF LATEST TRANSACTION | |
| control field | 19750325000000.0 |
| 008 - FIXED-LENGTH DATA ELEMENTS--GENERAL INFORMATION | |
| fixed length control field | 750102s1974 sz a b i000 0 eng |
| 010 ## - LIBRARY OF CONGRESS CONTROL NUMBER | |
| LC control number | 74194923 |
| 015 ## - NATIONAL BIBLIOGRAPHY NUMBER | |
| National bibliography number | Sw*** |
| 040 ## - CATALOGING SOURCE | |
| Original cataloging agency | DLC |
| Transcribing agency | DLC |
| Modifying agency | DLC |
| 050 00 - LIBRARY OF CONGRESS CALL NUMBER | |
| Classification number | BV2653 |
| Item number | .S77 1977 |
| 082 00 - DEWEY DECIMAL CLASSIFICATION NUMBER | |
| Classification number | 266/.009173/2 |
| 245 10 - TITLE STATEMENT | |
| Title | Struggle to be human : |
| Remainder of title | stories of urban-industrial mission / |
| Statement of responsibility, etc | edited by Bobbi Wells Hargleroad ; designed by John Fulton. |
| 260 ## - PUBLICATION, DISTRIBUTION, ETC. (IMPRINT) | |
| Place of publication, distribution, etc | [Geneva : |
| Name of publisher, distributor, etc | Urban and Industrial Mission Desk, Commission on World Mission and Evangelism, World Council of Churches, |
| Date of publication, distribution, etc | 1977 |
| 300 ## - PHYSICAL DESCRIPTION | |
| Extent | 77 p. : |
| Other physical details | ill. ; |
| Dimensions | 21 cm. |
| 504 ## - BIBLIOGRAPHY, ETC. NOTE | |
| Bibliography, etc | Bibliography: p. 77. |
| 650 #0 - SUBJECT ADDED ENTRY--TOPICAL TERM | |
| Topical term or geographic name as entry element | City missions. |
| 700 ## - ADDED ENTRY--PERSONAL NAME | |
| Personal name | Bobbi Wells Hargleroad |
| 906 ## - LOCAL DATA ELEMENT F, LDF (RLIN) | |
| a | 7 |
| b | cbc |
| c | orignew |
| d | 4 |
| e | ncip |
| f | 19 |
| g | y-gencatlg |
| 942 ## - ADDED ENTRY ELEMENTS (KOHA) | |
| Source of classification or shelving scheme | Library of Congress Classification |
| Item type | Book |
| Withdrawn status | Lost status | Source of classification or shelving scheme | Damaged status | Not for loan | Collection code | Home library | Current library | Shelving location | Date acquired | Source of acquisition | Total Checkouts | Full call number | Barcode | Copy number | Price effective from | Koha item type |
|---|---|---|---|---|---|---|---|---|---|---|---|---|---|---|---|---|
| Library of Congress Classification | Non-fiction | Bishop Okullu Memorial Library (Limuru Campus) | Bishop Okullu Memorial Library (Limuru Campus) | General Circulation | 24/11/2011 | Purchase | BV2653 .S77 1977 | 029384 | 1 | 24/11/2011 | Book | |||||
| Library of Congress Classification | Non-fiction | Bishop Okullu Memorial Library (Limuru Campus) | Bishop Okullu Memorial Library (Limuru Campus) | General Circulation | 24/11/2011 | Purchase | BV2653 .S77 1977 | 029385 | 2 | 24/11/2011 | Book | |||||
| Library of Congress Classification | Non-fiction | Bishop Okullu Memorial Library (Limuru Campus) | Bishop Okullu Memorial Library (Limuru Campus) | General Circulation | 24/11/2011 | Purchase | BV2653 .S77 1977 | 029386 | 3 | 24/11/2011 | Book | |||||
| Library of Congress Classification | Non-fiction | Bishop Okullu Memorial Library (Limuru Campus) | Bishop Okullu Memorial Library (Limuru Campus) | General Circulation | 26/03/2013 | donation | BV2653 .S77 1977 | 034973 | 4 | 26/03/2013 | Book |